| 000 | 00962nam0a22002771 4500 | ||
|---|---|---|---|
| 001 | rc\2929605 | ||
| 005 | 20110818144805.4 | ||
| 035 | _a(NLR Aleph) 007079191 | ||
| 090 |
_a6459347 _c6459347 |
||
| 100 | _a20050404d1939 |||y0rusy50 ca | ||
| 101 | 1 |
_arus _cfre |
|
| 102 | _aRU | ||
| 105 | _aac z ||||y | ||
| 200 | 1 |
_aИнсургент _fЖюль Валлес _gПер. [с фарнц. ] П.С. Неймана _gВступ. статья С.Б. Каца _gПрим. В.В. Гиммельфарба |
|
| 210 |
_aМосква _cГослитиздат _d1939 |
||
| 215 |
_a264 с. _cил., портр. _d20 см |
||
| 225 | 1 |
_aИсторические романы _v6 |
|
| 700 | 1 |
_aВаллес _bЖ. _f1832-1885 _gЖюль |
|
| 702 | 1 |
_aНейман _bП. С. _4730 |
|
| 702 | 1 |
_aКац _bС. Б. _4080 |
|
| 702 | 1 |
_aГиммельфарб _bВ. В. _4570 |
|
| 801 | 0 |
_aRU _bNLR _gpsbo |
|
| 801 | 1 |
_aRU _bELAR _2rusmarc |
|
| 852 |
_aNLR _j39-3/809 |
||
| 942 | _cBOOK | ||
| 980 | _aNB | ||